La pasión ensayo histórico
Guardat en:
| Autor principal: | |
|---|---|
| Format: | Llibre |
| Idioma: | espanyol |
| Publicat: |
Madrid
Librería Católica de Gregorio del Amo
1892
|
| Matèries: | |
| Etiquetes: |
Afegir etiqueta
Sense etiquetes, Sigues el primer a etiquetar aquest registre!
|
MARC
| LEADER | 00000nam a2200000 a 4500 | ||
|---|---|---|---|
| 001 | UCI6807 | ||
| 003 | CL-VaPUC | ||
| 008 | 080530e18920000SP |||||||||||||||||spa|d | ||
| 082 | 0 | 4 | |a 232.96 |b OLL |2 21 |
| 100 | |a Ollivier, M. J. |e autor |9 529804 | ||
| 245 | 1 | 3 | |a La pasión ensayo histórico |
| 300 | |a 524 p | ||
| 942 | |c BK | ||
| 945 | |d 20080530 00:00:00 |a rbrito | ||
| 260 | |a Madrid |b Librería Católica de Gregorio del Amo |c 1892 | ||
| 500 | |a Donación Padres Capuchinos | ||
| 600 | 0 | |a Jesucristo |9 481811 | |
| 650 | 0 | |a Cristología |9 315091 | |
| 650 | 7 | |a PASION DE CRISTO |2 CL-VaPUC |9 529805 | |
| 583 | |a last modification |c 20080530 00:00:00 |k Rodrigo Vera | ||
| 999 | |c 330256 |d 330254 | ||
| 952 | |0 0 |1 0 |4 0 |6 232_960000000000000_OLL_1892 |7 0 |8 X |9 415729 |a FDOBUD |b FDOBUD |d 2019-11-22 |i 4443306 |o 232.96 OLL 1892 |p 4443306 |r 2019-11-22 |w 2019-11-22 |y BK_X |k BUD | ||